00694nam a2200229 a 4500001001300000003000900013005001700022008004100039020001000080082001600090100002700106245004400133260004100177300000900218500003500227505003200262650002100294902000800315942000700323952011700330999001700447nice12345678IN_TiNIC20260116013527.0050524s1988 dela grp 000 0 eng  ac25000a181.4bCOO2 aCoomaraswamy, Ananda K aSelected Letters of Ananda Coomaraswamy aDelhibOxford University Pressc1988 a479p aincludes index and biblioraphy2 aBibliography, General Index aPhilosophy-India bSRS cBK 001040708StackRoom-aHMIbHMId2007-08-01g250.00l0o181.4 COO2p016848r2007-08-01v250.00w2005-05-24yBK c11330d11330